Guns N' Roses songs by lyrics - multiple choice quiz - Statistics

General Stats
  • This quiz has been taken 44 times
  • The average score is 11 of 15
Answer Stats
Question Answer % Correct
Watch it bring you to your shananananana knees, knees Welcome To The Jungle
98%
My hands are tied The billions shift from side to side And the wars go on with brainwashed pride For the love of God and our human rights Civil War
95%
When I look into your eyes I can see a love restrained November Rain
95%
Mama put my guns in the ground I can't shoot them anymore Knockin' On Heaven's Door
91%
She's got a smile that it seems to me Reminds me of childhood memories Where everything was as fresh As the bright blue sky Sweet Child O'Mine
91%
Give me a whisper and give me a sigh (ah) Give me a kiss before you tell me goodbye Don't you take it so hard now, and please don't take it so bad I'll still be thinking of you and the times we had, baby Don't Cry
81%
I don't have plans and schemes And I don't have hopes and dreams Since I Don't Have You
81%
I used to do a little, but a little wouldn't do it, so the little got more and more "I just keep tryna get a little better", said a little better than before Mr. Brownstone
74%
I'm a cold heartbreaker Fit ta burn and I'll rip your heart in two An I'll leave you lyin' on the bed I'll be out the door before ya wake You Could Be Mine
74%
Everyone needs love You know that it's true Someday you'll find someone That'll fall in love with you My Michelle
72%
It don't really matter Guess I'll keep it to myself Said it don't really matter It's time I look around for Somebody else Chinese Democracy
65%
What did it matter to you When you got a job to do? You got to do it well You got to give the other fella hell Live And Let Die
53%
Just an urchin living under the street I'm a hard case that's tough to beat I'm your charity case, so buy me somethin' to eat Paradise City
47%
And now you're blowin' smoke I think you're one big joke Me, I gotta lot to learn And I'm still waitin' for the heads to turn Shotgun Blues
47%
Why do you look at me when you hate me Why should I look at you when you make me hate you too Get In The Ring
40%
No matching quizzes found
Score Distribution
Percent of People with Each Score
Percentile by Number Answered
Your Score History
You have not taken this quiz